000 00802nam a2200241Ia 4500
003 OSt
005 20221005112304.0
006 a|||||r|||| 00| 0
007 ta
008 221004b |||||||| |||| 00| 0 pan d
020 _a9788178562735 (hbk)
024 _a15242
037 _bGift, 19/01/2015,
_cTextual
040 _aCRL
_cCRL
_bpan
041 _2pan
_apan
082 _aL:5, 153Q0
100 _aਦੋਸਾਂਝ, ਜਗਤਾਰ ਸਿੰਘ
245 0 _aਤੁਹਾਡੀ ਸਿਹਤ
260 _aਅੰਮ੍ਰਿਤਸਰ
_bਵਾਰਿਸ Fਾਹ ਖ਼ਾਉ੍ਵਡੇFਨ ਭਾਰਤ
_c2010
300 _a64ਪੰ
_ccm.
942 _hL:5, 153Q0
_cTEXL
_2cc
999 _c1024431
_d1024431